| 000 | 00570nam a2200217 a 4500 | ||
|---|---|---|---|
| 001 | 0001-2231 | ||
| 003 | ELIB.Books | ||
| 008 | 190806 2010 eng | ||
| 020 | _aKBTS | ||
| 092 |
_a268.433 _bRic |
||
| 100 | _aRich, Hilary. | ||
| 245 | _aThe Complete Idiot's to the Perfect Marriage | ||
| 260 |
_aNew York _bALPHA Books _c1997 |
||
| 300 |
_a3455, 13132 _c29 Cm |
||
| 650 | _aChristian Education | ||
| 856 |
_nKBTS Library _uKBTS Elib |
||
| 942 |
_2ddc _cBK |
||
| 990 | _a2 | ||
| 998 |
_aEnglishbooks.elf _ccat _e2019-08-06 |
||
| 999 |
_c12231 _d12231 |
||